000 00734nam a22002177a 4500
005 20251108173019.0
008 250721s2003 xx 000 0 ara d
082 1 4 _a415.1/ز
100 1 _aالزبيدي، سعيد جاسم
_eمؤلف
245 1 0 _aنحوي مجهول في القرن العشرين /
246 1 3 _aالشيخ يوسف كركوش وكتابه ( رأي في الإعراب )
264 1 _aعمان :
_bدار أسامة للنشر و التوزيع،
_c2003.
300 _a144 ص.
650 1 7 _aقواعد اللغة
650 1 7 _aاللغة العربية
650 1 7 _aالنقد الأدبي
650 1 7 _aالتحليل الأدبي
650 1 7 _aالتراجم
942 _2ddc
_cBK
999 _c94036
_d94036